Flags in the History of the Iberian Peninsula - Statistics

General Stats
  • This quiz has been taken 33 times
  • The average score is 6 of 10
Answer Stats
Picture Answer % Correct
Kingdom of Portugal
100%
Crown of Aragon
93%
Kingdom of Léon
90%
Kingdom of Castile
73%
Kingdom of Granada
50%
Kingdom of Navarre
50%
Kingdom of Asturias
47%
Crown of Castile (and Léon)
40%
County of Portugal
20%
Emirate of Granada
13%
No matching quizzes found
Score Distribution
Percent of People with Each Score
Percentile by Number Answered
Your Score History
You have not taken this quiz